Statistiques concernant Le Royaume-Uni par images

Cliquez ici pour prendre le quiz!

Statistiques générales

  • Ce quiz a été pris 431 fois
    (382 depuis la dernière actualisation)
  • Le résultat moyen est 11 sur 18

Statistiques - réponses

Réponse% Correct
Thé
95%
Fish & Chips
93%
The Beatles
89%
Adele
87%
Jaguar
87%
Ed Sheeran
83%
Palais de {Buckingham}
74%
Pays de Galles
71%
English Breakfast
69%
Tower Bridge
64%
Stonehenge
59%
Manchester
58%
Îles {Anglo-Normandes}
55%
Liverpool
54%
Édimbourg
53%
Charles Dickens
27%
Chaussée des Géants
13%
Gherkin
8%

Distribution des résultats

Percentile par nombre de réponses

% des personnes avec chaque résultat

Votre développement - résultats

Vous n’avez pas pris ce quiz depuis la dernière actualisation